000 00358nam a2200157Ia 4500
001 12159
003 GE_BSU
008 181216s||||||||xx |||||||||||||| ||und||
040 _cGE_BSU
245 4 _aThe Economist, october 4th-10th 2014.
245 _bvolume 413 number 8907
260 _c2014
300 _a94p. 27cm.
653 _aThe Economist
942 _cCR
999 _c45335
_d45335